Guide to educational evaluation : (Record no. 6923)

MARC details
000 -LEADER
fixed length control field 00740nam a22002177a 4500
003 - CONTROL NUMBER IDENTIFIER
control field OSt
005 - DATE AND TIME OF LATEST TRANSACTION
control field 20251205034125.0
008 - FIXED-LENGTH DATA ELEMENTS--GENERAL INFORMATION
fixed length control field 251205b |||||||| |||| 00| 0 eng d
020 ## - INTERNATIONAL STANDARD BOOK NUMBER
International Standard Book Number 9718581855
040 ## - CATALOGING SOURCE
Original cataloging agency DWCL - Main
Transcribing agency OC
082 ## - DEWEY DECIMAL CLASSIFICATION NUMBER
Classification number Fil. 370.7 C257c 2004
100 ## - MAIN ENTRY--PERSONAL NAME
Personal name Carag, Eduardo Acebo
Relator term Author
245 ## - TITLE STATEMENT
Title Guide to educational evaluation :
Remainder of title a handbook /
Statement of responsibility, etc. Eduardo Acebo Carag [and two others]
260 ## - PUBLICATION, DISTRIBUTION, ETC.
Place of publication, distribution, etc. Quezon City, Philippines:
Name of publisher, distributor, etc. Great Book Publishing,
Date of publication, distribution, etc. c2004.
300 ## - PHYSICAL DESCRIPTION
Extent ix ,154 pages;
Dimensions 18 cm.
504 ## - BIBLIOGRAPHY, ETC. NOTE
Bibliography, etc. note Includes bibliographical references.
650 ## - SUBJECT ADDED ENTRY--TOPICAL TERM
Topical term or geographic name entry element 1. Educational evaluation.
700 ## - ADDED ENTRY--PERSONAL NAME
Personal name I. Carag, Catalina Guingab
Relator term Author
700 ## - ADDED ENTRY--PERSONAL NAME
Personal name II. Bhagwani, Ernie T.
Relator term Editor
942 ## - ADDED ENTRY ELEMENTS (KOHA)
Source of classification or shelving scheme Dewey Decimal Classification
Koha item type Book-Filipiniana
Suppress in OPAC No
952 ## - LOCATION AND ITEM INFORMATION (KOHA)
--
952 ## - LOCATION AND ITEM INFORMATION (KOHA)
--
952 ## - LOCATION AND ITEM INFORMATION (KOHA)
--
Holdings
Withdrawn status Lost status Source of classification or shelving scheme Damaged status Not for loan Home library Current library Shelving location Date acquired Source of acquisition Cost, normal purchase price Total Checkouts Full call number Barcode Date last seen Copy number Price effective from Koha item type Uniform Resource Identifier
    Dewey Decimal Classification     Junior High School Library Junior High School Library Filipiniana 01/20/2005 Library Fund 160.00   Fil. 370.7 C257c 2004 JHS - 12336 12/05/2025 c1 12/05/2025 BK - FIL
    Dewey Decimal Classification     Junior High School Library Junior High School Library Filipiniana 01/20/2005 Library Fund 160.00   Fil. 370.7 C257c 2004 JHS - 12337 12/05/2025 c2 12/05/2025 BK - FIL
    Dewey Decimal Classification     Junior High School Library Junior High School Library Filipiniana 01/20/2005 Library Fund 160.00   Fil. 370.7 C257c 2004 JHS - 12338 12/05/2025 c3 12/05/2025 BK - FIL